[Event "Rheinland Pfalz op 14th"]
[White "Schirbel, Arno"]
[Black "Roth, Jonas"]
[Site "Neuwied"]
[Round "2"]
[Result "0-1"]
[Date "2024.05.30"]
[WhiteElo "1540"]
[BlackElo "1766"]
[PlyCount "54"]
[EventDate "2024.05.30"]
[EventType "swiss"]
[EventRounds "7"]
[EventCountry "GER"]
[SourceTitle "EXT 2025"]
[Source "ChessBase"]
[SourceDate "2024.10.14"]
[SourceVersion "1"]
[SourceVersionDate "2024.10.14"]
[SourceQuality "1"]

1. e4 d6 2. f4 Nf6 3. e5 Nfd7 4. d4 e6 5. Nf3 c5 6. dxc5 dxe5 7. c6 Nxc6 8. fxe5 Ndxe5 9. Qxd8+ Kxd8 10. Be2 Nxf3+ 11. Bxf3 Kc7 12. c3 e5 13. 0-0 Bc5+ 14. Kh1 f6 15. b4 Bd6 16. b5 Na5 17. Ba3 Nc4 18. Bxd6+ Kxd6 19. Rd1+ Kc7 20. Bd5 Rd8 21. Bf3 Be6 22. a4 Rxd1+ 23. Bxd1 Rd8 24. Be2 Kb6 25. Na3 Nxa3 26. Rxa3 Rd2 27. a5+ Kc5 0-1

[Event "Rheinland Pfalz op 14th"]
[White "Weyer, Jonas"]
[Black "Schirbel, Arno"]
[Site "Neuwied"]
[Round "1"]
[Result "1-0"]
[Date "2024.05.30"]
[WhiteElo "1915"]
[BlackElo "1540"]
[PlyCount "29"]
[EventDate "2024.05.30"]
[EventType "swiss"]
[EventRounds "7"]
[EventCountry "GER"]
[SourceTitle "CBM 220 Extra"]
[Source "ChessBase"]
[SourceDate "2024.07.31"]
[SourceVersion "1"]
[SourceVersionDate "2024.07.31"]
[SourceQuality "1"]

1. e4 g6 2. d4 Bg7 3. Nf3 d6 4. Be2 Nf6 5. Nc3 0-0 6. Bg5 Nbd7 7. Qd2 Re8 8. 0-0-0 c5 9. dxc5 Nxc5 10. Bc4 Qa5 11. Bxf6 Bxf6 12. Nd5 Qxd2+ 13. Nxd2 Na4 14. Nxf6+ exf6 15. Bb5 1-0